[Event "1. OEsterreichische Internet Schach Meisterschaft - Vorrunde 2"]
[Site "Online - Playchess.com"]
[Date ""]
[Round "2"]
[Board "25"]
[White "Kruckenhauser, Arthur"]
[Black "Kranz, Armin"]
[Result "1-0"]
[WhiteElo "2233"]
[BlackElo "2119"]
[PlyCount "119"]
[EventDate "2020.04.13"]
[EventRounds "9"]
[EventCountry "AUT"]

1. e4 e5 2. Nf3 Nc6 3. Bc4 Bc5 4. c3 Nf6 5. d3 d6 6. a4 a6 7. Bb3 h6 8. Nbd2 Ba7
9. h3 Bd7 10. Nf1 Qe7 11. Be3 g5 12. Bxa7 Rxa7 13. Ne3 Qf8 14. Nd5 Nxd5 15. Bxd5
Be6 16. d4 Qe7 17. Bxe6 fxe6 18. dxe5 dxe5 19. Qb3 O-O 20. O-O-O Na5 21. Qa2 Nc6
22. Rd2 Raa8 23. Rhd1 Rfd8 24. Qb3 Rxd2 25. Rxd2 Na5 26. Qa2 Nc6 27. b4 Kf7 28. Qc4
Rd8 29. Rxd8 Qxd8 30. b5 axb5 31. axb5 Na5 32. Nxe5+ Kf6 33. Ng4+ Kg6 34. Qxe6+ Kg7
35. Qxh6+ Kf7 36. Qh7+ Ke8 37. Qg8+ Ke7 38. Qxg5+ Kd7 39. Qxd8+ Kxd8 40. f4 Nc4 41.
h4 Ke7 42. Kc2 Nd6 43. Kd3 Nxb5 44. h5 Kf7 45. Ne5+ Kg7 46. g4 Nd6 47. g5 c6 48.
h6+ Kh7 49. f5 b5 50. Nxc6 Nb7 51. Kd4 Nd6 52. Ke5 Ne8 53. Nd4 Nc7 54. Kf6 Kh8 55.
g6 Ne8+ 56. Ke7 Nc7 57. Kf8 b4 58. g7+ Kh7 59. g8=Q+ Kxh6 60. Qg6#  1-0

[Event "1. OEsterreichische Internet Schach Meisterschaft - Vorrunde 2"]
[Site "Online - Playchess.com"]
[Date ""]
[Round "2"]
[Board "26"]
[White "Moerwald, Magdalena"]
[Black "Mostbauer, Maximilian"]
[Result "0-1"]
[WhiteElo "1791"]
[BlackElo "2217"]
[PlyCount "76"]
[EventDate "2020.04.13"]
[EventRounds "9"]
[EventCountry "AUT"]

1. e4 e6 2. d4 d5 3. Bd3 Nf6 4. e5 Nfd7 5. c3 c5 6. Ne2 Nc6 7. Be3 cxd4 8. cxd4 Nb6
9. Nbc3 a5 10. f4 g6 11. O-O Bd7 12. Rc1 Be7 13. Ng3 a4 14. a3 Na5 15. Qf3 Nbc4 16.
f5 Nxe3 17. Qxe3 Bg5 18. Qf3 Bxc1 19. fxe6 Bxe6 20. Rxc1 Rc8 21. Bb5+ Nc6 22. Rf1
O-O 23. Nge2 Qb6 24. Bxc6 bxc6 25. Nxa4 Qb5 26. Nec3 Qc4 27. Nc5 Qxd4+ 28. Qf2 Qxf2+
29. Kxf2 Ra8 30. Rd1 Rfb8 31. Rd2 Ra5 32. Nd3 c5 33. Nf4 d4 34. Ne4 Rab5 35. Nd6
Rxb2 36. Rxb2 Rxb2+ 37. Kf3 Rb3+ 38. Ke4 Re3#  0-1

[Event "1. OEsterreichische Internet Schach Meisterschaft - Vorrunde 2"]
[Site "Online - Playchess.com"]
[Date ""]
[Round "2"]
[Board "27"]
[White "Frank, Paul"]
[Black "Kondrak, Christoph"]
[Result "1-0"]
[WhiteElo "2210"]
[BlackElo "2033"]
[PlyCount "55"]
[EventDate "2020.04.13"]
[EventRounds "9"]
[EventCountry "AUT"]

1. Nf3 d5 2. g3 e6 3. Bg2 Nf6 4. O-O Be7 5. d4 O-O 6. c4 a6 7. Ne5 Nbd7 8. cxd5 Nxe5
9. dxe5 Nxd5 10. a3 b5 11. Qc2 Bb7 12. e4 Nb6 13. Bd2 c5 14. Ba5 Qc7 15. Nc3 Qc6
16. Bxb6 Qxb6 17. Rad1 Rfd8 18. Rxd8+ Rxd8 19. Rd1 c4 20. Rxd8+ Qxd8 21. Qe2 Qd4
22. Qe3 Qxe5 23. Qb6 Qb8 24. e5 Qc8 25. Qxb7 Qc5 26. Ne4 Qxe5 27. Qxe7 f5 28. Qe8#
 1-0

[Event "1. OEsterreichische Internet Schach Meisterschaft - Vorrunde 2"]
[Site "Online - Playchess.com"]
[Date ""]
[Round "2"]
[Board "28"]
[White "Schein, Karl-Heinz"]
[Black "Hatzl, Johannes"]
[Result "1/2-1/2"]
[WhiteElo "2187"]
[BlackElo "2131"]
[PlyCount "78"]
[EventDate "2020.04.13"]
[EventRounds "9"]
[EventCountry "AUT"]

1. e4 e5 2. Nf3 Nc6 3. Bb5 Nf6 4. Nc3 Bd6 5. O-O O-O 6. Re1 a6 7. Bf1 Re8 8. d4 exd4
9. Nxd4 Nxd4 10. Qxd4 Be5 11. Qd3 d6 12. f4 Bxc3 13. bxc3 Nd7 14. Be3 Nc5 15. Bxc5
dxc5 16. e5 Qxd3 17. cxd3 Bf5 18. d4 cxd4 19. cxd4 Red8 20. Red1 Be6 21. a3 Bd5 22.
Kf2 c6 23. Ke3 Kf8 24. g4 Ke7 25. Bd3 h6 26. h4 b5 27. f5 Ra7 28. Rac1 Rc7 29. Be4
Bxe4 30. Kxe4 Rd5 31. Rc5 Rxc5 32. dxc5 Rd7 33. Rd6 Rxd6 34. exd6+ Kd7 35. Ke5 f6+
36. Kf4 a5 37. Ke4 Kd8 38. h5 Kd7 39. Kd4 Kd8  1/2-1/2

[Event "1. OEsterreichische Internet Schach Meisterschaft - Vorrunde 2"]
[Site "Online - Playchess.com"]
[Date ""]
[Round "2"]
[Board "29"]
[White "Schneider-Zinner, Werner"]
[Black "Mittelberger, Peter"]
[Result "0-1"]
[WhiteElo "1967"]
[BlackElo "2176"]
[PlyCount "102"]
[EventDate "2020.04.13"]
[EventRounds "9"]
[EventCountry "AUT"]

1. d4 d6 2. Nf3 g6 3. Bf4 Bg7 4. e3 Nf6 5. h3 O-O 6. Be2 c5 7. c3 cxd4 8. exd4 Nc6
9. O-O d5 10. Nbd2 Bf5 11. Ne5 Rc8 12. Bf3 Be6 13. Re1 Re8 14. Be2 a6 15. a3 Nxe5
16. Bxe5 Bd7 17. Bf3 Bc6 18. g3 Nd7 19. Bxg7 Kxg7 20. Nf1 Nf6 21. Ne3 e6 22. Ng4
Nxg4 23. Bxg4 Qb6 24. Qd2 Qb3 25. Bd1 Qb6 26. Bf3 Bb5 27. Be2 Bxe2 28. Rxe2 Qd6 29.
Rae1 b5 30. Re5 a5 31. R1e2 b4 32. axb4 axb4 33. Qe1 bxc3 34. bxc3 Qc6 35. R2e3 Red8
36. f4 Ra8 37. g4 Qb5 38. f5 exf5 39. gxf5 Qb2 40. fxg6 hxg6 41. Re7 Ra1 42. Re2
Rxe1+ 43. Rxe1 Qxc3 44. R7e3 Qxd4 45. Kh2 Qf4+ 46. Rg3 d4 47. Re2 d3 48. Reg2 d2
49. Re2 Rd3 50. Reg2 Qxg3+ 51. Rxg3 Rxg3  0-1

[Event "1. OEsterreichische Internet Schach Meisterschaft - Vorrunde 2"]
[Site "Online - Playchess.com"]
[Date ""]
[Round "2"]
[Board "31"]
[White "Birklbauer, Toni"]
[Black "Juenger, Heinz"]
[Result "0-1"]
[WhiteElo "2047"]
[BlackElo "2165"]
[PlyCount "142"]
[EventDate "2020.04.13"]
[EventRounds "9"]
[EventCountry "AUT"]

1. d4 Nf6 2. Bg5 d5 3. Nf3 Ne4 4. Bf4 c5 5. e3 Nc6 6. c3 Qb6 7. Qb3 c4 8. Qxb6 axb6
9. Nbd2 Nxd2 10. Nxd2 b5 11. e4 e6 12. Be2 b4 13. O-O Be7 14. exd5 exd5 15. Bf3 Be6
16. Rfe1 bxc3 17. bxc3 O-O 18. Reb1 Ra7 19. h3 Rfa8 20. Rb2 Ba3 21. Rb6 Ne7 22. Rab1
Bc8 23. g4 Ra5 24. Bc7 R5a6 25. Bd8 Rxb6 26. Rxb6 Nc6 27. Bxd5 Nxd8 28. Bxc4 Bc1
29. Nf3 Be6 30. Bb3 Bf4 31. Kg2 Kf8 32. Bd5 Bxd5 33. Rb5 Bc6 34. Rf5 Bd6 35. c4 Bxf3+
36. Kxf3 Rxa2 37. c5 Be7 38. Rd5 Ke8 39. Kg3 Rd2 40. f4 Nc6 41. f5 Rxd4 42. Rxd4
Nxd4 43. Kf4 Bxc5 44. Ke4 Ke7 45. Kd5 b6 46. h4 Kf6 47. Ke4 h6 48. Kf4 Bd6+ 49. Ke4
Nc6 50. Kd5 Bg3 51. g5+ hxg5 52. hxg5+ Kxf5 53. Kxc6 Bf2 54. Kd5 Kxg5 55. Ke4 f5+
56. Kf3 Bc5 57. Kg3 Kf6 58. Kf3 g5 59. Kg3 Ke5 60. Kf3 b5 61. Ke2 b4 62. Kd3 g4 63.
Ke2 Be7 64. Kd3 f4 65. Ke2 g3 66. Kf1 Kf5 67. Kg2 Kg4 68. Kf1 f3 69. Kg1 b3 70. Kh1
b2 71. Kg1 b1=Q#  0-1

[Event "1. OEsterreichische Internet Schach Meisterschaft - Vorrunde 2"]
[Site "Online - Playchess.com"]
[Date ""]
[Round "2"]
[Board "32"]
[White "Nisavic, Uros"]
[Black "Nolz, Tom"]
[Result "1-0"]
[WhiteElo "2073"]
[BlackElo "2157"]
[PlyCount "137"]
[EventDate "2020.04.13"]
[EventRounds "9"]
[EventCountry "AUT"]

1. d4 d6 2. c4 Nf6 3. Nc3 Nbd7 4. e4 g6 5. Nf3 Bg7 6. Be2 O-O 7. O-O e5 8. Be3 Ng4
9. Bc1 exd4 10. Nxd4 Nge5 11. f4 Nc6 12. Be3 Re8 13. Qd2 Nc5 14. Nxc6 bxc6 15. Bxc5
dxc5 16. Qxd8 Rxd8 17. e5 Rd2 18. Rad1 Rxd1 19. Rxd1 Be6 20. Ne4 Bf8 21. b3 Kg7 22.
h3 h5 23. Kf2 a5 24. Ng5 Bc8 25. Bf3 Rb8 26. Bxc6 a4 27. Bxa4 Bf5 28. Rd2 h4 29.
Bd7 Rd8 30. e6 fxe6 31. Ke3 e5 32. Bxf5 exf4+ 33. Ke2 Rxd2+ 34. Kxd2 gxf5 35. Ne6+
Kf7 36. Nxc7 Kf6 37. Nd5+ Ke5 38. Ke2 Ke4 39. a4 Bd6 40. a5 Bb8 41. a6 Kd4 42. Nc7
Kc3 43. Nb5+ Kxb3 44. a7 Bxa7 45. Nxa7 Kxc4 46. Nc6 Kd5 47. Ne7+ Ke6 48. Ng6 c4 49.
Nxh4 Ke5 50. Nf3+ Ke4 51. h4 c3 52. h5 c2 53. Kd2 c1=Q+ 54. Kxc1 Ke3 55. h6 Kf2 56.
h7 Kxg2 57. Ne5 f3 58. h8=Q f2 59. Qg7+ Kh1 60. Qh6+ Kg2 61. Qg5+ Kh1 62. Qh4+ Kg2
63. Qg5+ Kh1 64. Qf4 Kg2 65. Qd2 Kg1 66. Nf3+ Kg2 67. Ng5 f4 68. Nh3 Kh1 69. Qxf2
 1-0

[Event "1. OEsterreichische Internet Schach Meisterschaft - Vorrunde 2"]
[Site "Online - Playchess.com"]
[Date ""]
[Round "2"]
[Board "33"]
[White "Kubik, Gerhard"]
[Black "Heinrici, Simon"]
[Result "0-1"]
[WhiteElo "1985"]
[BlackElo "2151"]
[PlyCount "42"]
[EventDate "2020.04.13"]
[EventRounds "9"]
[EventCountry "AUT"]

1. d4 d5 2. Nc3 Nf6 3. Bg5 e6 4. e4 dxe4 5. Nxe4 Be7 6. Bxf6 Bxf6 7. Nf3 O-O 8. c3
Nd7 9. Bd3 Re8 10. Qe2 e5 11. dxe5 Nxe5 12. Nxe5 Rxe5 13. O-O-O Qe7 14. Nxf6+ Qxf6
15. Qc2 Bf5 16. Bxf5 Rxf5 17. Qd3 Rxf2 18. Rhe1 Rxg2 19. Qd7 Rf8 20. Qxc7 Qf2 21.
Qxb7 Qc2#  0-1

[Event "1. OEsterreichische Internet Schach Meisterschaft - Vorrunde 2"]
[Site "Online - Playchess.com"]
[Date ""]
[Round "2"]
[Board "34"]
[White "Brehovsky, Paul"]
[Black "Ehs, Dominik"]
[Result "1-0"]
[WhiteElo "2149"]
[BlackElo "2070"]
[PlyCount "105"]
[EventDate "2020.04.13"]
[EventRounds "9"]
[EventCountry "AUT"]

1. d4 Nf6 2. c4 g6 3. Nf3 Bg7 4. g3 d6 5. Bg2 O-O 6. O-O Nbd7 7. Nc3 e5 8. e4 c6
9. Re1 Qa5 10. a3 exd4 11. Nxd4 Nb6 12. b4 Qh5 13. Qd3 Ng4 14. Nf3 Ne5 15. Nxe5 dxe5
16. c5 Nd7 17. Bb2 Nf6 18. f3 Bh3 19. Rad1 Bxg2 20. Kxg2 a5 21. b5 g5 22. h3 Qg6
23. Qd6 cxb5 24. Nxb5 h5 25. Bxe5 Ne8 26. Qxg6 fxg6 27. Bxg7 Nxg7 28. Rd7 Rac8 29.
Rc1 Ne6 30. Rd5 h4 31. Nd6 Rc6 32. Nxb7 hxg3 33. Kxg3 Nf4 34. Rd2 Nh5+ 35. Kg4 Rc7
36. Nd6 Rf4+ 37. Kxg5 Rxf3 38. Rg2 Nf4 39. Kg4 Nxg2 40. Kxf3 Nh4+ 41. Kg3 g5 42.
c6 Ng6 43. Nb5 Rc8 44. c7 Ne5 45. Nd6 Rxc7 46. Rxc7 Kf8 47. Nf5 g4 48. hxg4 a4 49.
Kf4 Ng6+ 50. Kg5 Nh8 51. Kf6 Nf7 52. Rc8+ Nd8 53. Rxd8#  1-0

[Event "1. OEsterreichische Internet Schach Meisterschaft - Vorrunde 2"]
[Site "Online - Playchess.com"]
[Date ""]
[Round "2"]
[Board "35"]
[White "Bachler, Reinhard"]
[Black "Charaus, Florian"]
[Result "0-1"]
[WhiteElo "2143"]
[BlackElo "2055"]
[PlyCount "78"]
[EventDate "2020.04.13"]
[EventRounds "9"]
[EventCountry "AUT"]

1. f4 b6 2. e3 Bb7 3. Nf3 e6 4. b3 Nf6 5. Bb2 Be7 6. Be2 O-O 7. O-O c5 8. Qe1 d5
9. Nc3 a6 10. Bd3 b5 11. Qg3 c4 12. Be2 Nbd7 13. Rae1 Qc7 14. d4 cxd3 15. Bxd3 Bb4
16. Ne2 Bxe1 17. Rxe1 Rfe8 18. Ned4 e5 19. Nf5 g6 20. fxe5 Nh5 21. Qg5 Nxe5 22. Nxe5
f6 23. Nh6+ Kg7 24. Nf5+ Kh8 25. Qh4 fxe5 26. g4 Ng7 27. Nxg7 Qxg7 28. g5 Rf8 29.
Qg3 Rae8 30. a4 Bc6 31. a5 Kg8 32. h4 Qc7 33. c4 dxc4 34. bxc4 Qxa5 35. c5 Qb4 36.
Kh2 Qxb2+ 37. Re2 Qb3 38. Bc2 Qd5 39. h5 Qh1#  0-1

[Event "1. OEsterreichische Internet Schach Meisterschaft - Vorrunde 2"]
[Site "Online - Playchess.com"]
[Date ""]
[Round "2"]
[Board "36"]
[White "Maierhofer, Johann"]
[Black "Balint, Peter"]
[Result "1-0"]
[WhiteElo "2087"]
[BlackElo "2105"]
[PlyCount "127"]
[EventDate "2020.04.13"]
[EventRounds "9"]
[EventCountry "AUT"]

1. e4 e5 2. Nc3 Nf6 3. Bc4 c6 4. d4 d5 5. dxe5 Nfd7 6. exd5 Nxe5 7. Bb3 Bb4 8. Nge2
O-O 9. O-O Bg4 10. Bf4 Ng6 11. Be3 Bxc3 12. bxc3 cxd5 13. f3 Be6 14. Nd4 Nc6 15.
Qd3 Nce5 16. Qe2 Rc8 17. Nxe6 fxe6 18. Bxa7 Re8 19. Bd4 Nc4 20. Rad1 e5 21. Bf2 Nf4
22. Qe1 Qg5 23. Bg3 Red8 24. Qf2 Ne3 25. Bxf4 exf4 26. Rd3 Nxf1 27. Qxf1 Kh8 28.
Qd1 Qe5 29. Qd2 Rc5 30. Kf2 h6 31. Rd4 g5 32. h3 Re8 33. Rd3 Kh7 34. Bxd5 b6 35.
Be4+ Kh8 36. Rd7 Re7 37. Rd8+ Kg7 38. Rd4 Rcc7 39. Qd3 b5 40. a3 Qc5 41. Bh7 Rc6
42. Be4 Rd6 43. Ke2 Rxd4 44. cxd4 Qb6 45. Kf2 Rd7 46. c3 Qa5 47. d5 Qxa3 48. Qd4+
Kg8 49. Qe5 Qb2+ 50. Kf1 Qc1+ 51. Kf2 Qd2+ 52. Kf1 Ra7 53. Qe6+ Kf8 54. Qd6+ Kg8
55. Qb8+ Kg7 56. Qxa7+ Kf6 57. Qd4+ Qxd4 58. cxd4 Ke7 59. Ke2 Kd6 60. Kd3 h5 61.
Kc3 h4 62. Kb4 Kc7 63. Kxb5 Kd7 64. Kc5  1-0

[Event "1. OEsterreichische Internet Schach Meisterschaft - Vorrunde 2"]
[Site "Online - Playchess.com"]
[Date ""]
[Round "2"]
[Board "37"]
[White "Lichtl, Erich"]
[Black "Keim, Philipp"]
[Result "1/2-1/2"]
[WhiteElo "2096"]
[BlackElo "1919"]
[PlyCount "177"]
[EventDate "2020.04.13"]
[EventRounds "9"]
[EventCountry "AUT"]

1. b3 c6 2. Bb2 d5 3. e3 Bf5 4. f4 e6 5. Nf3 Nf6 6. Be2 Nbd7 7. O-O h6 8. d3 Be7
9. Qe1 O-O 10. Nbd2 c5 11. Kh1 Rc8 12. Ne5 Qc7 13. Qg3 b5 14. Ndf3 Nh5 15. Qf2 Nhf6
16. Nxd7 Nxd7 17. Qg3 Bf6 18. Ne5 Nxe5 19. fxe5 Bg5 20. h4 Be7 21. Qf4 c4 22. g4
Bh7 23. g5 cxd3 24. Bxd3 Bxd3 25. cxd3 Qc2 26. Rf2 Qxd3 27. Rg1 hxg5 28. hxg5 Qe4+
29. Qxe4 dxe4 30. Rf4 Rc2 31. Rg2 Rfc8 32. Rff2 Rxf2 33. Rxf2 Bxg5 34. Re2 Rc5 35.
Kg2 g6 36. Kg3 Kg7 37. Kg4 Bd8 38. Kf4 Bc7 39. Kxe4 g5 40. Bd4 Rd5 41. Rg2 Kg6 42.
b4 a6 43. a3 Bb8 44. Rc2 Rd8 45. Rc6 g4 46. Rxa6 Kh5 47. Rc6 g3 48. Kf3 Kh4 49. Rc1
Kg5 50. Kxg3 f6 51. Kf3 fxe5 52. Rg1+ Kf5 53. Bc5 e4+ 54. Ke2 Rd3 55. Rf1+ Ke5 56.
Rf8 Bd6 57. Bd4+ Kd5 58. Rd8 Rxa3 59. Bc5 Ra6 60. Kd2 Ra2+ 61. Kc3 Ra3+ 62. Kb2 Ra6
63. Kb3 e5 64. Kc3 Ke6 65. Re8+ Kd7 66. Rh8 Rc6 67. Rh7+ Ke6 68. Rh6+ Kd5 69. Rxd6+
Rxd6 70. Bxd6 Kxd6 71. Kb3 Kd5 72. Kc3 Ke6 73. Kd2 Kf5 74. Ke2 Kg5 75. Kf2 Kg4 76.
Kg2 Kh4 77. Kh2 Kg4 78. Kg2 Kg5 79. Kf2 Kf6 80. Ke2 Ke7 81. Kd2 Kd6 82. Kc2 Kc6 83.
Kb3 Kd6 84. Kc2 Ke6 85. Kd2 Kf7 86. Ke2 Kg6 87. Kf2 Kg5 88. Kg1 Kg4 89. Kg2  1/2-1/2

[Event "1. OEsterreichische Internet Schach Meisterschaft - Vorrunde 2"]
[Site "Online - Playchess.com"]
[Date ""]
[Round "2"]
[Board "39"]
[White "Andreatta, Ralph"]
[Black "Meglitsch, Konstantin"]
[Result "0-1"]
[WhiteElo "1623"]
[BlackElo "2041"]
[PlyCount "54"]
[EventDate "2020.04.13"]
[EventRounds "9"]
[EventCountry "AUT"]

1. d4 Nf6 2. c4 g6 3. Nf3 Bg7 4. e3 O-O 5. Nc3 d6 6. g3 c5 7. dxc5 dxc5 8. Qc2 Bf5
9. e4 Bg4 10. Bg2 Nc6 11. O-O Qc8 12. Be3 b6 13. Nd5 e6 14. Nc3 Rd8 15. Rfd1 Qc7
16. Bf4 e5 17. Bg5 Nd4 18. Qc1 Bxf3 19. Bxf3 Nxf3+ 20. Kg2 Rxd1 21. Qxd1 Nxg5 22.
h4 Ngxe4 23. Nd5 Qb7 24. Qe2 Nxd5 25. Qxe4 Ne3+ 26. Kf3 Qxe4+ 27. Kxe4 Nxc4  0-1

[Event "1. OEsterreichische Internet Schach Meisterschaft - Vorrunde 2"]
[Site "Online - Playchess.com"]
[Date ""]
[Round "2"]
[Board "40"]
[White "Kozissnik, Christian"]
[Black "Lerch, Johannes"]
[Result "0-1"]
[WhiteElo "2023"]
[BlackElo "2005"]
[PlyCount "116"]
[EventDate "2020.04.13"]
[EventRounds "9"]
[EventCountry "AUT"]

1. d4 d5 2. e3 Nf6 3. Bd3 e6 4. b3 c5 5. c3 Nc6 6. Bb2 b6 7. f4 Bd6 8. Nf3 Bb7 9.
O-O O-O 10. Ne5 Ne4 11. Nd2 Nxd2 12. Qxd2 f6 13. Ng4 f5 14. Ne5 Nxe5 15. fxe5 Be7
16. Rf3 Qe8 17. Raf1 Rc8 18. Qe2 g6 19. Bb5 Bc6 20. Bxc6 Qxc6 21. Rh3 Rf7 22. Qf3
Rcf8 23. Kh1 a6 24. Qe2 b5 25. c4 cxd4 26. cxb5 Qxb5 27. Qxb5 axb5 28. exd4 Ra8 29.
Ra1 Ba3 30. Bxa3 Rxa3 31. Rc3 Rfa7 32. h3 Rxa2 33. Rxa2 Rxa2 34. Rc5 Rd2 35. Rxb5
Rxd4 36. Rb6 Kf7 37. Rb7+ Kg8 38. b4 Rd1+ 39. Kh2 Rb1 40. Rb8+ Kf7 41. Rb7+ Ke8 42.
b5 d4 43. Kg3 d3 44. b6 d2 45. Rb8+ Kd7 46. Rb7+ Kc6 47. Rc7+ Kxb6 48. Rc8 d1=Q 49.
Rb8+ Kc7 50. Rxb1 Qxb1 51. Kh4 Qe4+ 52. g4 fxg4 53. hxg4 h6 54. Kh3 Qxe5 55. Kh4
Qg5+ 56. Kh3 h5 57. Kh2 Qxg4 58. Kh1 Kd6  0-1

[Event "1. OEsterreichische Internet Schach Meisterschaft - Vorrunde 2"]
[Site "Online - Playchess.com"]
[Date ""]
[Round "2"]
[Board "41"]
[White "Hofstadler, Mario"]
[Black "Breneis, Gerhard"]
[Result "0-1"]
[WhiteElo "1867"]
[BlackElo "1990"]
[PlyCount "42"]
[EventDate "2020.04.13"]
[EventRounds "9"]
[EventCountry "AUT"]

1. d4 f5 2. Nf3 Nf6 3. Bf4 e6 4. h3 Bd6 5. Be5 O-O 6. e3 Bxe5 7. Nxe5 d6 8. Nf3 b6
9. c3 Bb7 10. Nbd2 Ne4 11. Be2 Qf6 12. O-O Nd7 13. a4 a5 14. Qb3 Qg6 15. Rad1 Rae8
16. c4 Nxd2 17. Rxd2 Nf6 18. Rdd1 Ne4 19. Rc1 Nd2 20. Qb5 Nxf3+ 21. Kh1 Nxd4  0-1

[Event "1. OEsterreichische Internet Schach Meisterschaft - Vorrunde 2"]
[Site "Online - Playchess.com"]
[Date ""]
[Round "2"]
[Board "42"]
[White "Tauber, Andreas"]
[Black "Hochwarter, Martin"]
[Result "1-0"]
[WhiteElo "1972"]
[BlackElo "1932"]
[PlyCount "57"]
[EventDate "2020.04.13"]
[EventRounds "9"]
[EventCountry "AUT"]

1. c4 e6 2. Nc3 Nf6 3. e4 d6 4. Nf3 c5 5. d4 cxd4 6. Nxd4 Bd7 7. Be2 Nc6 8. Be3 Be7
9. Ndb5 Qb8 10. Bf4 e5 11. Bg5 O-O 12. Bxf6 Bxf6 13. Qxd6 Qxd6 14. Nxd6 Nd4 15. O-O
a6 16. Nxb7 Rab8 17. Nc5 Rxb2 18. Nxd7 Nxe2+ 19. Nxe2 Rxe2 20. Nxf8 Kxf8 21. Rfe1
Rc2 22. Rec1 Re2 23. f3 Be7 24. c5 Ke8 25. c6 Bd6 26. c7 Bxc7 27. Rxc7 Rb2 28. Ra7
Rb6 29. Rc1  1-0

[Event "1. OEsterreichische Internet Schach Meisterschaft - Vorrunde 2"]
[Site "Online - Playchess.com"]
[Date ""]
[Round "2"]
[Board "43"]
[White "Friedl, Markus"]
[Black "Prinz, Hubert"]
[Result "1-0"]
[WhiteElo "1857"]
[BlackElo "1956"]
[PlyCount "121"]
[EventDate "2020.04.13"]
[EventRounds "9"]
[EventCountry "AUT"]

1. e4 d5 2. exd5 Qxd5 3. d4 e5 4. Be3 exd4 5. Qxd4 Qxd4 6. Bxd4 Nc6 7. Bc3 Be6 8.
Nd2 Nf6 9. O-O-O Be7 10. Nb3 O-O 11. Nf3 b6 12. Bb5 Nb8 13. Rhe1 a5 14. Nbd4 Bg4
15. h3 Bxf3 16. Nxf3 Bd6 17. Bxf6 gxf6 18. Nd4 Na6 19. Bxa6 Rxa6 20. Nf5 Bf4+ 21.
Kb1 Raa8 22. g3 Bd6 23. Nxd6 cxd6 24. Rxd6 Rfe8 25. Rxe8+ Rxe8 26. c3 Re6 27. Rxe6
fxe6 28. Kc2 Kf7 29. Kd3 Ke7 30. Kc4 Kd6 31. Kb5 Kc7 32. f4 e5 33. fxe5 fxe5 34.
Kc4 Kd6 35. Kd3 Kd5 36. c4+ Kc5 37. b3 a4 38. Ke4 axb3 39. axb3 Kb4 40. Kxe5 Kxb3
41. Kd4 Kb4 42. Kd3 Kc5 43. g4 h6 44. Kc3 Kd6 45. Kb4 Kc6 46. h4 Kb7 47. Kb5 Kc7
48. g5 hxg5 49. hxg5 Kd6 50. Kxb6 Ke5 51. c5 Kf5 52. c6 Kxg5 53. c7 Kg6 54. c8=Q
Kg7 55. Qf5 Kh6 56. Qg4 Kh7 57. Kc6 Kh6 58. Kd6 Kh7 59. Ke6 Kh6 60. Kf7 Kh7 61. Qh5#
 1-0

[Event "1. OEsterreichische Internet Schach Meisterschaft - Vorrunde 2"]
[Site "Online - Playchess.com"]
[Date ""]
[Round "2"]
[Board "44"]
[White "Kucharski, Michael"]
[Black "Schroettner, Tobias Julian"]
[Result "1-0"]
[WhiteElo "1927"]
[BlackElo "1503"]
[PlyCount "51"]
[EventDate "2020.04.13"]
[EventRounds "9"]
[EventCountry "AUT"]

1. d4 Nf6 2. c4 g6 3. g3 Bg7 4. Bg2 d6 5. Nc3 O-O 6. Nf3 Nc6 7. d5 Nb8 8. O-O Nbd7
9. Qc2 e5 10. dxe6 fxe6 11. e4 e5 12. Bg5 h6 13. Be3 b6 14. h3 Bb7 15. Rad1 Nc5 16.
Nh4 Kh7 17. Nd5 Nxd5 18. exd5 Qe8 19. Bxc5 bxc5 20. Be4 Rf6 21. f4 exf4 22. Rxf4
Rxf4 23. Bxg6+ Qxg6 24. Qxg6+ Kg8 25. gxf4 Ba6 26. Nf5  1-0

[Event "1. OEsterreichische Internet Schach Meisterschaft - Vorrunde 2"]
[Site "Online - Playchess.com"]
[Date ""]
[Round "2"]
[Board "45"]
[White "Kienboeck, Benjamin"]
[Black "Erlacher, Herbert"]
[Result "1-0"]
[WhiteElo "1922"]
[BlackElo "1842"]
[PlyCount "121"]
[EventDate "2020.04.13"]
[EventRounds "9"]
[EventCountry "AUT"]

1. e4 c6 2. d4 d5 3. Nc3 dxe4 4. Nxe4 Nd7 5. Nf3 Ndf6 6. Ng3 e6 7. Bd3 Nd5 8. a3
a6 9. c4 Nde7 10. Ne5 Ng6 11. Bxg6 hxg6 12. O-O Nf6 13. Ne4 Nxe4 14. Nxf7 Kxf7 15.
Qf3+ Nf6 16. g4 Kg8 17. g5 Nh5 18. Be3 Qd6 19. h4 Bd7 20. Rad1 Be7 21. d5 Rf8 22.
Qe4 exd5 23. cxd5 c5 24. b4 b6 25. bxc5 bxc5 26. Qc4 Qe5 27. d6+ Be6 28. Qxc5 Qxc5
29. Bxc5 Bd8 30. Rfe1 Bd7 31. Re7 Bxe7 32. dxe7 Re8 33. Rxd7 Kf7 34. Rd3 Rxe7 35.
Bxe7 Kxe7 36. Rb3 Rd8 37. Rb7+ Rd7 38. Rb6 Rd6 39. Rb7+ Rd7 40. Rb6 Nf4 41. Rxa6
Kf7 42. Kh2 Nd3 43. a4 Ne5 44. a5 Ng4+ 45. Kg3 Ne5 46. Ra8 Nc6 47. a6 Ke7 48. Rg8
Kd6 49. Ra8 Ra7 50. Rg8 Kc5 51. Kg4 Kb6 52. h5 gxh5+ 53. Kxh5 Kxa6 54. f4 Nd4 55.
Kg6 Kb5 56. Rxg7 Rxg7+ 57. Kxg7 Kc6 58. g6 Kd6 59. Kf6 Ne6 60. f5 Nd8 61. g7  1-0

[Event "1. OEsterreichische Internet Schach Meisterschaft - Vorrunde 2"]
[Site "Online - Playchess.com"]
[Date ""]
[Round "2"]
[Board "46"]
[White "Kipman, Felix"]
[Black "Goelles, Herbert"]
[Result "0-1"]
[WhiteElo "1576"]
[BlackElo "1705"]
[PlyCount "48"]
[EventDate "2020.04.13"]
[EventRounds "9"]
[EventCountry "AUT"]

1. e4 g6 2. d4 Bg7 3. Nf3 d6 4. Nc3 Nf6 5. Be2 O-O 6. O-O c6 7. Be3 Qc7 8. Qd2 e5
9. d5 c5 10. Bh6 Bg4 11. h3 Bxf3 12. Bxf3 Nbd7 13. Bxg7 Kxg7 14. g4 h6 15. g5 hxg5
16. Qxg5 Rh8 17. Kh2 a6 18. Rg1 Rh6 19. Rg2 Rah8 20. Bg4 Nxg4+ 21. Qxg4 Nf6 22. Qg3
Qd7 23. h4 Rxh4+ 24. Kg1 Rh1#  0-1

[Event "1. OEsterreichische Internet Schach Meisterschaft - Vorrunde 2"]
[Site "Online - Playchess.com"]
[Date ""]
[Round "2"]
[Board "47"]
[White "Riegler, Moritz"]
[Black "Moritz, Christian"]
[Result "1/2-1/2"]
[WhiteElo "1705"]
[BlackElo "2077"]
[PlyCount "71"]
[EventDate "2020.04.13"]
[EventRounds "9"]
[EventCountry "AUT"]

1. Nf3 e6 2. d4 f5 3. e3 Nf6 4. c4 b6 5. Nc3 Bb7 6. Be2 Bb4 7. O-O O-O 8. a3 Bxc3
9. bxc3 d6 10. Bd2 Ne4 11. Qc2 c5 12. Bc1 Nd7 13. Bb2 e5 14. d5 Rf6 15. Bd3 Nxf2
16. Rxf2 e4 17. Bxe4 fxe4 18. Qxe4 Qf8 19. Raf1 Re8 20. Qd3 Ba6 21. e4 Re7 22. Bc1
Ref7 23. Bg5 Ne5 24. Qe2 Nxf3+ 25. Rxf3 Rxf3 26. Rxf3 Rxf3 27. Qxf3 Qxf3 28. gxf3
Kf7 29. Bd8 Bxc4 30. Bc7 Ke7 31. Bb8 a6 32. Bc7 b5 33. Ba5 g5 34. Kf2 h5 35. Kg3
Bd3 36. h3  1/2-1/2

[Event "1. OEsterreichische Internet Schach Meisterschaft - Vorrunde 2"]
[Site "Online - Playchess.com"]
[Date ""]
[Round "2"]
[Board "48"]
[White "Baumegger, Siegfried"]
[Black "Schwabeneder, Alois"]
[Result "1-0"]
[WhiteElo "2441"]
[BlackElo "2004"]
[PlyCount "91"]
[EventDate "2020.04.13"]
[EventRounds "9"]
[EventCountry "AUT"]

1. e4 d5 2. exd5 Qxd5 3. Nc3 Qa5 4. d4 Nf6 5. Nf3 Bf5 6. Bc4 Nbd7 7. Bd2 c6 8. Qe2
e6 9. Nd5 Qd8 10. Nxf6+ gxf6 11. O-O-O Qb6 12. Nh4 Bg6 13. f4 O-O-O 14. f5 exf5 15.
Bf4 Bb4 16. Qf3 Rhe8 17. Rd3 Re4 18. g3 Nf8 19. c3 Ba5 20. Rhd1 Ne6 21. Ng2 Ng5 22.
Qf1 Rde8 23. Bb3 Re2 24. R3d2 Rxd2 25. Rxd2 Ne4 26. Re2 Qb5 27. Re1 Qxf1 28. Rxf1
Kd7 29. Nh4 Bc7 30. Bxc7 Kxc7 31. Nxf5 Kd7 32. Nh4 b5 33. Bc2 Ng5 34. Kd2 Ne4+ 35.
Bxe4 Rxe4 36. Rxf6 c5 37. Nxg6 fxg6 38. dxc5 Re5 39. b4 Rh5 40. h4 Re5 41. Rf7+ Kc6
42. Rxa7 Rf5 43. Rxh7 Kd5 44. Rd7+ Kc4 45. c6 Rf2+ 46. Ke3  1-0